Science Quiz

Random Science or Anatomy Quiz

Anatomy of the Upper Humerus Quiz Stats

 Plays Quiz not verified by Sporcle

Support Sporcle.
Go Orange.
Score 0/6 Timer 10:00
0 Plays Today
% Correct
Head
100%
Greater Tubercle
87.1%
Lesser Tubercle
77.6%
Deltoid Tuberosity
72.8%
Anatomical Neck
71.4%
Intertubercular Groove
51.7%

You're not logged in!

Compare scores with friends on all Sporcle quizzes.
OR
Log In

From the Vault

'Star Wars: Episode V' Start to Finish

by Thebiguglyalien

Unless you're Yoda, then this quiz finish to start you will play.
Remove Ads.
Support Sporcle.
Get the best of Sporcle when you Go Orange. This ad-free experience offers more features, more stats, and more fun while also helping to support Sporcle. Thank you for becoming a member.

Show Comments

Extras

Created Feb 1, 2016ReportNominate
Tags:Anatomy Quiz, Humerus, Upper

Top Quizzes Today


Score Distribution

Your Account Isn't Verified!

In order to create a playlist on Sporcle, you need to verify the email address you used during registration. Go to your Sporcle Settings to finish the process.

Report this User

Report this user for behavior that violates our Community Guidelines.

Details: